000 01102nam a22002417a 4500
005 20111129144316.0
008 111129t2004 ua||||| |||| 00| 0 ara d
020 _a1571051473
082 _222
_a327.172
_bج ي ر
100 _927934
_aجيرسون، آلان
245 _aخصخصة السلام من النزاع إلى الأمن /
_cتأليف آلان جيرسون ؛ ترجمة أسعد حليم.
250 _aط. 1.
260 _aالقاهرة :
_bالجمعية المصرية لنشر المعرفة والثقافة العالمية،
_c2004.
300 _a243 ص. ؛
_c24 سم.
500 _aترجمة لكتاب: Privatizing Peace: from Conflict to Security / by Allan Gerson and Nat J. Colletta
650 _916325
_aالسلام العالمي
650 _927936
_aالمنازعات الدولية
653 _bPol
_cNovember2011
700 _927935
_aحليم، أسعد
700 _928032
_aكوليتا ، نات ج
942 _2ddc
_cBB
999 _c16275
_d16275